000
00257nam a2200097Ia 4500
008
220204s9999 xx 000 0 und d
082
_a
62(038)
_b
STA
245
0
_a
Engineering sabdavali. V 1
260
_a
Trivandrum
_b
State Inst of Languages
_c
1969
942
_c
BK
999
_c
21457
_d
21457